Detalles MARC
| 000 -LIDER |
| fixed length control field |
00979nam a2200301 a 4500 |
| 001 - NÚMERO DE CONTROL |
| Identificador de número de control |
000010478 |
| 003 - IDENTIFICACDOR DE NÚMERO DE CONTROL |
| control field |
DO-SdBNP |
| 005 - DATE AND TIME OF LATEST TRANSACTION |
| control field |
20180213133611.0 |
| 007 - CAMPOS FIJOS DE DESCRIPCIÓN FÍSICA |
| fixed length control field |
000010478 |
| 008 - ELEMENTOS DE LONGITUD FIJA |
| fixed length control field |
091007s1984 dr 001 p spa d |
| 040 ## - FUENTE DE CATALOGACIÓN |
| Agencia que crea de manera original el registro |
BPMSU |
| Idioma de catalogación |
spa |
| Agencia que realiza la transcripción |
BPMSU |
| 092 ## - LOCALLY ASSIGNED DEWEY DECIMAL CALL NUMBER |
| Número de clasificación |
RD861.44 |
| Número de ítem (Cutter) |
M742p |
| 100 1# - ASIENTO PRINCIPAL -- NOMBRE PERSONAL |
| Nombre personal |
Monegro, Juan |
| 245 10 - MENCIÓN DE TITULO |
| Título |
Primer grito de la sal / |
| Mención de responsabilidad |
Juan Monegro. |
| 260 ## - PUBLICACIÓN, DISTRIBUCIÓN, ETC. (PIE DE IMPRENTA) |
| Lugar de publicación, distribución, etc |
Santo Domingo : |
| Nombre del editor, distribuidor, etc. |
Gente, |
| Fecha de publicación, distribución, etc |
1984. |
| 300 ## - DESCRIPCIÓN FÍSICA |
| Extensión |
48 p. ; |
| Dimensiones |
21 cm. |
| 590 ## - NOTA LOCAL |
| Texto de la nota local |
Perteneció a la biblioteca personal de Juan Isidro Jimenes Grullón. |
| 650 #4 - ENCABEZAMIENTO DE MATERIA--TEMÁTICO |
| Término temático o nombre geográfico como elemento de entrada |
POESÍA DOMINICANA |
| 650 #4 - ENCABEZAMIENTO DE MATERIA--TEMÁTICO |
| Término temático o nombre geográfico como elemento de entrada |
LITERATURA DOMINICANA |
| 910 ## - VALIDACIÓN |
| Validación |
Validado. Control de calidad BNPHU |
| 930 #1 - EQUIVALENCE OR CROSS-REFERENCE-UNIFORM TITLE HEADING [LOCAL, CANADA] |
| Language of a work |
BND01 |
| Medium of performance for music |
LF1 |
| Medium |
RD861.44 |
| Field link and sequence number |
20110217 |
| Date of a work |
04 |
| Name of part/section of a work |
HD |
| Miscellaneous information |
16438 |
| Medium |
e. 5 |
| 942 ## - ADDED ENTRY ELEMENTS (KOHA) |
| Source of classification or shelving scheme |
Dewey Decimal Classification |
| Koha item type |
Libros |
| 945 ## - INFORMACIÓN DE PROCESAMIENTO LOCAL |
| Información de procesamiento local |
Inventariado, 2018/ YL |
| 956 ## - LOCAL ELECTRONIC LOCATION AND ACCESS (OCLC) |
| Nombre de host |
SARMENTERO |
| Número de acceso |
10 |
| Información de compresión |
20091007 |
| Inicio de sesión |
BND01 |
| Procesador de solicitud |
1048 |
| 956 ## - LOCAL ELECTRONIC LOCATION AND ACCESS (OCLC) |
| Nombre de host |
IGARCIA |
| Número de acceso |
10 |
| Información de compresión |
20091010 |
| Inicio de sesión |
BND01 |
| Procesador de solicitud |
1228 |
| 956 ## - LOCAL ELECTRONIC LOCATION AND ACCESS (OCLC) |
| Nombre de host |
MMOLINA |
| Número de acceso |
40 |
| Información de compresión |
20111116 |
| Inicio de sesión |
BND01 |
| Procesador de solicitud |
1003 |
| 956 ## - LOCAL ELECTRONIC LOCATION AND ACCESS (OCLC) |
| Nombre de host |
VMATEO |
| Número de acceso |
10 |
| Información de compresión |
20150811 |
| Inicio de sesión |
BPMSU |
| Procesador de solicitud |
00151 |